[Event "Padova op-A 5th"]
[Site "Padova"]
[Date "2002.12.22"]
[Round "6.18"]
[White "Tonus, Alex"]
[Black "Giacomini, Massimo"]
[Result "1-0"]
[WhiteElo "1500"]
[BlackElo "1833"]
[PlyCount "91"]
[EventDate "2002.12.14"]
[EventType "swiss"]
[EventRounds "6"]
[EventCountry "ITA"]
[SourceTitle "EXT 2023"]
[Source "ChessBase"]
[SourceDate "2022.10.05"]
[SourceVersion "1"]
[SourceVersionDate "2022.10.05"]
[SourceQuality "1"]

1. e4 c5 2. Nf3 e6 3. d4 cxd4 4. Nxd4 a6 5. Nc3 Qc7 6. a3 b5 7. Be2 Bb7 8. 0-0 Nc6 9. Be3 Nf6 10. f3 Bc5 11. Kh1 d6 12. b4 Bxd4 13. Bxd4 Nxd4 14. Qxd4 Rc8 15. Na2 0-0 16. Bd3 e5 17. Qe3 d5 18. exd5 Nxd5 19. Qg5 f6 20. Qh4 f5 21. Rae1 Nf4 22. Qg3 Rf6 23. Qf2 Qf7 24. Nc1 Rg6 25. Rg1 Rh6 26. Qg3 Rxh2+ 27. Qxh2 Rc6 28. Rxe5 Nxd3 29. Nxd3 Rh6 30. Qxh6 gxh6 31. Rge1 Bc6 32. Re6 Bd7 33. Re7 Qd5 34. Nc5 Bc6 35. Nxa6 Qd4 36. Nc5 Qh4+ 37. Kg1 Qd4+ 38. Kf1 Bd5 39. Nd3 Bc4 40. Rb7 Kf8 41. Ree7 Qa1+ 42. Kf2 Qd4+ 43. Ke2 Qc3 44. Kd1 Bg8 45. Rec7 Qa1+ 46. Kd2 1-0

[Event "Padova Natale"]
[Site "Padova"]
[Date "2001.12.24"]
[Round "8"]
[White "Vianello, Enrico"]
[Black "Giacomini, Massimo"]
[Result "1/2-1/2"]
[WhiteElo "2140"]
[BlackElo "1884"]
[PlyCount "23"]
[EventDate "2001.12.24"]
[EventType "tourn (rapid)"]
[EventRounds "8"]
[EventCountry "ITA"]
[SourceTitle "EXT 2024"]
[Source "ChessBase"]
[SourceDate "2023.10.10"]
[SourceVersion "1"]
[SourceVersionDate "2023.10.10"]
[SourceQuality "1"]

1. d4 Nf6 2. Bg5 d5 3. Bxf6 exf6 4. e3 Bd6 5. c4 c6 6. cxd5 Qa5+ 7. Nc3 Bb4 8. Qb3 cxd5 9. Nge2 0-0 10. g3 Bg4 11. Bg2 Bxe2 12. Kxe2 1/2-1/2

[Event "Padova op 4th"]
[Site "Padova"]
[Date "2001.12.23"]
[Round "6"]
[White "Giacomini, Massimo"]
[Black "Zaccheroni, Dario"]
[Result "1-0"]
[WhiteElo "1884"]
[BlackElo "1500"]
[PlyCount "105"]
[EventDate "2001.12.15"]
[EventType "swiss"]
[EventRounds "6"]
[EventCountry "ITA"]
[SourceTitle "EXT 2024"]
[Source "ChessBase"]
[SourceDate "2023.10.10"]
[SourceVersion "1"]
[SourceVersionDate "2023.10.10"]
[SourceQuality "1"]

1. Nf3 d5 2. c4 d4 3. e3 c5 4. exd4 cxd4 5. d3 Nc6 6. g3 e5 7. Bg2 Bd6 8. 0-0 Nge7 9. Nbd2 0-0 10. a3 a5 11. b3 f6 12. Rb1 Rb8 13. Ne4 Bg4 14. h3 Bh5 15. b4 axb4 16. Nxd6 Qxd6 17. axb4 b5 18. c5 Qd7 19. Kh2 Nd5 20. Bd2 Ra8 21. Qc2 Ra4 22. Nh4 Bf7 23. Bxd5 Bxd5 24. f4 Be6 25. f5 Bd5 26. Ra1 Nxb4 27. Bxb4 Rxb4 28. Ra6 Ra4 29. c6 Qc7 30. Rxa4 bxa4 31. Rc1 Ra8 32. Qc5 Ra5 33. Qa3 Bxc6 34. Qa2+ Kf8 35. Qe6 Bd7 36. Rxc7 Bxe6 37. fxe6 a3 38. e7+ Kf7 39. Nf5 Ra8 40. Nd6+ Ke6 41. e8Q+ Rxe8 42. Nxe8 f5 43. Nxg7+ Kf6 44. Ne8+ Ke6 45. Kg2 e4 46. dxe4 fxe4 47. Kf2 Kd5 48. Ke2 a2 49. Ra7 Kc4 50. Rxa2 e3 51. Rc2+ Kb3 52. Kd3 h6 53. Ng7 1-0

[Event "Padova op 4th"]
[Site "Padova"]
[Date "2001.12.16"]
[Round "2"]
[White "Giacomini, Massimo"]
[Black "Quaranta, Cristiano"]
[Result "1-0"]
[WhiteElo "1884"]
[BlackElo "1627"]
[PlyCount "101"]
[EventDate "2001.12.15"]
[EventType "swiss"]
[EventRounds "6"]
[EventCountry "ITA"]
[SourceTitle "EXT 2024"]
[Source "ChessBase"]
[SourceDate "2023.10.10"]
[SourceVersion "1"]
[SourceVersionDate "2023.10.10"]
[SourceQuality "1"]

1. Nf3 Nf6 2. c4 g6 3. g3 b6 4. Bg2 Bb7 5. 0-0 c5 6. d4 cxd4 7. Qxd4 Nc6 8. Qh4 Bg7 9. Bh6 0-0 10. Bxg7 Kxg7 11. e4 d6 12. Nc3 Na5 13. Rfd1 Qc8 14. b3 Qg4 15. Qxg4 Nxg4 16. Nd5 Nc6 17. Nd4 Nge5 18. f4 Nxd4 19. Rxd4 Nc6 20. Rd2 Rfd8 21. Rad1 Rd7 22. Bh3 e6 23. Nc3 Rad8 24. e5 Ne7 25. Rxd6 Rxd6 26. Rxd6 Rxd6 27. exd6 Nc6 28. Nb5 Kf8 29. Bg2 a6 30. Nc7 a5 31. a3 Nd8 32. Bxb7 Nxb7 33. Na8 Nxd6 34. Nxb6 Ke7 35. Kf2 Nf5 36. b4 axb4 37. axb4 Kd6 38. Na4 Nd4 39. b5 Nb3 40. g4 Nd2 41. c5+ Kd5 42. b6 Kc6 43. Ke2 Nb3 44. Kd3 Na5 45. Kd4 f6 46. g5 e5+ 47. fxe5 fxg5 48. e6 h5 49. Ke5 Nc4+ 50. Kf6 g4 51. e7 1-0

[Event "Padova op"]
[Site "Padova"]
[Date "1999.12.13"]
[Round "2"]
[White "Giacomini, Massimo"]
[Black "Lacrosse, Marc"]
[Result "0-1"]
[WhiteElo "2285"]
[BlackElo "2218"]
[PlyCount "72"]
[EventDate "1999.12.11"]
[EventType "swiss"]
[EventRounds "9"]
[EventCountry "ITA"]
[SourceTitle "CBM 073 Extra"]
[Source "ChessBase"]
[SourceDate "2000.01.11"]
[SourceVersion "1"]
[SourceVersionDate "2000.01.11"]
[SourceQuality "1"]

1. d4 d5 2. Nf3 Nf6 3. Bg5 Ne4 4. Bh4 c5 5. c3 Qb6 6. Qb3 c4 7. Qxb6 axb6 8. Nbd2 Bf5 9. Nxe4 Bxe4 10. Nd2 Bg6 11. e4 e6 12. Be2 f6 13. 0-0 Bd6 14. exd5 exd5 15. Bf3 Bf7 16. Rfe1+ Kd7 17. Bg3 b5 18. b3 Nc6 19. Bg4+ Kc7 20. Be6 Bxe6 21. Rxe6 Bxg3 22. hxg3 Ra6 23. bxc4 bxc4 24. a3 Rha8 25. Nb1 b5 26. Ra2 b4 27. cxb4 Nxb4 28. Rxa6 Rxa6 29. Re2 Nc6 30. Rd2 Rb6 31. Nc3 Kd6 32. a4 Rb3 33. Nb5+ Rxb5 34. axb5 c3 35. Rd1 Nxd4 36. Kf1 Nb3 0-1

[Event "Padova op"]
[Site "Padova"]
[Date "1999.??.??"]
[Round "5"]
[White "Di Lazzaro, Gabriele"]
[Black "Giacomini, Massimo"]
[Result "1-0"]
[WhiteElo "1855"]
[BlackElo "1930"]
[PlyCount "57"]
[EventDate "1999.12.11"]
[EventType "swiss"]
[EventRounds "9"]
[EventCountry "ITA"]
[SourceTitle "CBM 073 Extra"]
[Source "ChessBase"]
[SourceDate "2000.01.11"]
[SourceVersion "1"]
[SourceVersionDate "2000.01.11"]
[SourceQuality "1"]

1. e4 c5 2. c3 e5 3. Nf3 Nc6 4. Bc4 Qc7 5. 0-0 Be7 6. Qe2 d6 7. h3 Nf6 8. Rd1 0-0 9. d4 cxd4 10. cxd4 Na5 11. Bd3 b6 12. Nc3 Be6 13. Nb5 Qb8 14. b4 Nb7 15. Bb2 exd4 16. Nbxd4 Bd7 17. e5 dxe5 18. Nxe5 Bd6 19. Nxd7 Nxd7 20. Nf5 Re8 21. Qg4 Be5 22. Bxe5 Qxe5 23. Nh6+ Kf8 24. Qxd7 Re7 25. Ng4 Qc3 26. Qf5 Rae8 27. Qxh7 g6 28. Nh6 Re1+ 29. Bf1 1-0